| 000 | 00861cam a2200253 4500 | ||
|---|---|---|---|
| 001 | ABS62035 | ||
| 008 | 000000n2000 000 0 eng u | ||
| 035 | _a(Sirsi) u104784 | ||
| 100 | _aGrinfeld, M | ||
| 245 | _aSustained effort | ||
| 260 | _c2000 | ||
| 490 |
_aBuilding _v256(8127) 10 March 2000, 82-83(2) |
||
| 520 | _aDescribes the construction methods which can be used to protect the environment for future generations. Identifies the characteristics of sustainable buildings and outlines the DETR Sustainable Construction Business Plan. | ||
| 590 | _aABS | ||
| 650 |
_aEnvironment _96238 |
||
| 650 | _aPOLLUTION | ||
| 650 | _aENERGY EFFICIENCY | ||
| 650 | _aWASTE | ||
| 650 | _aCONSTRUCTION METHODS | ||
| 650 | _aSUSTAINABLE DEVELOPMENT | ||
| 690 | _aBUILT ENVIRONMENT-SUSTAINABLE CONSTRUCTION | ||
| 700 | _aGrinfeld, A. | ||
| 942 | _n0 | ||
| 999 |
_c62867 _d62867 |
||